| 000 | 01787nam0a2200421 4500 | ||
|---|---|---|---|
| 001 | RU\NLR\BIBL_A\012644284 | ||
| 005 | 20250627100825.0 | ||
| 010 |
_a978-5-00185-114-1 _bПросвещение-Союз _9700 |
||
| 010 |
_a978-5-09-085314-9 _bПросвещение |
||
| 021 |
_aRU _bКН-П-21-044557 _9КН-П-21-3513 |
||
| 035 | _a(NLR Aleph) 012644284 | ||
| 090 |
_a12706006 _c12706006 |
||
| 100 | _a20211117d2021 u y0rusy50 ca | ||
| 101 | 0 | _arus | |
| 102 | _aRU | ||
| 105 | _aach|z|||000zy | ||
| 181 | 0 |
_ab2 _bxb2e |
|
| 181 | 0 |
_ai2 _baxxe |
|
| 182 | 0 | _an | |
| 200 | 1 |
_aРыцари _eистория и традиции _eбогато иллюстрированное издание _fКонстантин Иванов |
|
| 203 |
_aИзображение _aТекст _bвизуальные _cнепосредственные |
||
| 210 |
_aМосква _cПросвещение _d2021 |
||
| 215 |
_a221, [3] с. _cил., цв. ил., портр., факс. _d27 |
||
| 225 | 1 | _aКоллекция | |
| 300 | _aВ аннот. авт.: историк и поэт К.А. Иванов | ||
| 333 | _aДля детей старше 12 лет | ||
| 606 | 1 |
_aТруверы _91664498 _3RU\NLR\AUTH\66737741 |
|
| 606 | 1 |
_aТрубадуры _91402576 _3RU\NLR\AUTH\66278079 |
|
| 606 | 1 |
_aРыцарство _jПопулярные издания _xИстория _92225593 _3RU\NLR\AUTH\661336096 |
|
| 686 | 1 | _aТ3(0)4-286я9 | |
| 686 | 1 | _aЦ59,5(0)0-1я9 | |
| 686 | 1 | _aШ5(4Фр=Пр)42-335 | |
| 686 | 1 | _aШ5(4Фр)42-335 | |
| 700 | 1 |
_7ca _8rus _aИванов _bК. А. _cисторик _f1858-1919 _gКонстантин Алексеевич _921362 _3RU\NLR\AUTH\7738378 |
|
| 942 | _cBOOK | ||
| 980 | _aNB | ||